Kraje graniczące z Austrią - Statystyki

Ogólne statystyki
  • Ten quiz został rozwiązany 465 razy
  • Średni wynik to 7 z 8
Statystyki odpowiedzi
Dł. Granicy Kraj % Poprawnych
784 km Niemcy
97%
362 km Czechy
94%
430 km Włochy
92%
164 km Szwajcaria
91%
330 km Słowenia
90%
366 km Węgry
88%
35 km Liechtenstein
83%
91 km Słowacja
82%
Nie znaleziono quizów pasujących do podanych kryteriów
Rozkład punktacji
Procent ludzi z każdym wynikiem
Percentyl według liczby udzielonych odpowiedzi
Twoja historia wyników
Nie rozwiązałeś tego quizu